Sanat - "Suomen muotoisen pilven alla" - Arttu Wiskari - Statistics

Yleistilastot
  • Tätä visaa on pelattu 368 kertaa
    332 viimeisimmän päivityksen jälkeen
  • Keskiarvotulos 130 / 181
Vastaustilastot
Vastaus % Oikein
Suomen
98%
alla
96%
muotoisen
96%
pilven
96%
ei
88%
jo
85%
täällä
85%
humala
82%
Jumala
82%
pärjää
82%
jos
80%
perjantainen
80%
kun
79%
ois
78%
auttaa
75%
ja
75%
Sinä
75%
sinä
75%
tuoja
75%
valon
75%
Entä
74%
entä
74%
olisi
74%
toista
74%
vain
74%
minun
73%
oot
73%
rakastamalla
73%
Luoja
72%
Yhtä
72%
kuin
70%
kultaa
70%
Leijonat
70%
armahtaa
69%
noussut
69%
Olisiko
69%
olisiko
69%
kanveesista
68%
luovuttamalla
68%
meidät
68%
itsetunto
67%
Lillehammerista
67%
tuoneet
67%
kunnes
66%
lotossa
66%
oikein
66%
oisi
65%
veikannut
65%
breikannut
64%
kuollut
64%
seitsemän
64%
Nokian
63%
oisin
63%
Hanoi
62%
käyttöä
61%
unohdettu
61%
kosketusnäyttöjä
60%
pääkonttorille
60%
Shellille
60%
luureihin
59%
Keilaniemessä
56%
lääkelaukkua
56%
laittaneet
56%
kanssa
53%
Irmelin
51%
johtajat
51%
kihlatkin
49%
ostettu
49%
on
47%
maailma
43%
mut
43%
juotu
42%
viinat
42%
liesituulettimen
41%
hajonneen
39%
mennä
39%
nukkumaan
39%
luotu
38%
tupakoidaan
38%
naapureidenkin
37%
uusiks
37%
hyvä
36%
ketjussa
36%
Razzle
35%
aamuviideltä
31%
keittiössä
28%
Parannetaan
27%
tissuttelemalla
26%
maailmaa
25%
Ehtoja vastaavia visoja ei löytynyt
Tulosjakauma
Jokaisen tuloksen saaneiden osuus
Persentiili vastausten määrän mukaan
Tuloshistoriasi
Et ole pelannut tätä visaa sen viimeisimmän päivityksen jälkeen